000 00491nam a2200169Ia 4500
003 GCL
008 140319s9999 xx 000 0 ara d
040 _aGCL /
_cGCL
082 0 4 _a709.962
_bم ف
100 1 _aمحمد عبدالعزيز مرزوق
245 1 0 _aالفن المصرى الاسلامى /
_cمحمد عبدالعزيز مرزوق
300 _a127 ص
490 _aاقرأ
_v0
650 0 4 _aالفن المصرى
650 0 4 _aالفن الاسلامى
942 _2ddc
_cBK
999 _c50534
_d50534